Hviezdy v noci

Podrobná bibliografia
Hlavný autor: Takenaka, Iku (Autor)
Ďalší autori: Blažeková, Daniela, 1961- (Prekladateľ)
Médium: Článok
Jazyk:slovenčina
Predmet:

MARC

LEADER 00000nab a2200000 a 4500
001 vtls000376869
003 SK-MaSNL
005 20260305014941.0
008 250424c1990 xo 0 slo
015 |a SNBRB19rr/mm-uuuuu 
035 |a CL0376991 
035 |a urn:nbn:sk:snk-abbkb3 
035 |a (urnnbn)urn:nbn:sk:snk:ar-002lss 
035 |a (uuid)3a658c2b-87a8-4f38-895e-2d02dc12014b 
040 |a SNKBUCL  |b slo  |c SNKBUCL  |e AACR2 
041 0 |a slo 
044 |a xo  |c SK 
080 |a 895.6-1  |2 1981 
100 1 |a Takenaka, Iku  |4 aut  |9 1593507 
245 1 0 |a Hviezdy v noci  |c Iku Takenaka ; Daniela Blažeková 
650 0 7 |a básne reflexívne  |2 snkbucl  |9 898242 
655 7 |a články z novín a časopisov  |2 snkbucl  |9 267496 
700 1 |a Blažeková, Daniela,  |d 1961-  |4 trl  |9 6788 
773 0 |t Dotyky  |g Roč. 2, č. 3 (1990), s. 21 
850 |a Slovenská národná knižnica 
852 |a Slovenská národná knižnica 
958 |a article15 
958 |a OND 
958 |a RK 
958 |a LX 
958 |a EUIPO 
992 |a RBX 
999 |c 3272185  |d 3274115